Bài tập trắc nghiệm và tự luận vật lý 12 T1: Động lực học vật rắn, dao động cơ học, sóng cơ
v.v...
Đã lưu trong:
| Tác giả chính: | |
|---|---|
| Định dạng: | Sách |
| Năm xuất bản: |
H.
Giáo dục
2008
|
| Chủ đề: | |
| Tags: |
Thêm thẻ
Không có thẻ, Hãy là người đầu tiên gắn thẻ bản ghi này!
|
| LEADER | 01306nam a2200229 4500 | ||
|---|---|---|---|
| 082 | |a 530.076 |b L250Gi | ||
| 100 | |a Lê Gia Thuận | ||
| 245 | |a Bài tập trắc nghiệm và tự luận vật lý 12 |c Lê Gia Thuận. |n T1: Động lực học vật rắn, dao động cơ học, sóng cơ | ||
| 260 | |a H. |b Giáo dục |c 2008 | ||
| 300 | |a 321 tr. |c 24 cm | ||
| 520 | |a v.v... | ||
| 653 | |a Vật lý | ||
| 653 | |a Lớp 12 | ||
| 653 | |a Bài tập | ||
| 653 | |a Trắc nghiệm | ||
| 942 | |2 ddc |c STK0 | ||
| 999 | |c 6727 |d 6727 | ||
| 952 | |0 0 |1 0 |2 ddc |4 0 |6 530_076000000000000_L250GI |7 0 |8 500 |9 63355 |a qbu |b qbu |c D3 |d 2015-01-22 |g 28700 |o 530.076 L250Gi |p 6994.c1 |r 0000-00-00 |w 2015-01-22 |y STK0 | ||
| 952 | |0 0 |1 0 |2 ddc |4 0 |6 530_076000000000000_L250GI |7 0 |8 500 |9 63356 |a qbu |b qbu |c D3 |d 2015-01-22 |g 28700 |o 530.076 L250Gi |p 6994.c2 |r 0000-00-00 |w 2015-01-22 |y STK0 | ||
| 952 | |0 0 |1 0 |2 ddc |4 0 |6 530_076000000000000_L250GI |7 0 |8 500 |9 63357 |a qbu |b qbu |c D3 |d 2015-01-22 |g 28700 |o 530.076 L250Gi |p 6994.c3 |r 0000-00-00 |w 2015-01-22 |y STK0 | ||
| 952 | |0 0 |1 0 |2 ddc |4 0 |6 530_076000000000000_L250GI |7 0 |8 500 |9 63358 |a qbu |b qbu |c D3 |d 2015-01-22 |g 28700 |o 530.076 L250Gi |p 6994.c4 |r 0000-00-00 |w 2015-01-22 |y STK0 | ||
| 952 | |0 0 |1 0 |2 ddc |4 0 |6 530_076000000000000_L250GI |7 0 |8 500 |9 63359 |a qbu |b qbu |c D3 |d 2015-01-22 |g 28700 |o 530.076 L250Gi |p 6994.c5 |r 0000-00-00 |w 2015-01-22 |y STK0 | ||